|
|
|
|
| LEADER |
00000cas a22000004a 4500 |
| 001 |
vtls001222867 |
| 003 |
SK-MaSNL |
| 005 |
20260228162023.0 |
| 008 |
091215d19251926xo er p 0 0b0slo c |
| 035 |
|
|
|a SNK000168609
|
| 040 |
|
|
|a SNK
|b slo
|c SNK
|e AACR2
|
| 041 |
0 |
|
|a slo
|
| 044 |
|
|
|a xo
|c SK
|
| 080 |
|
|
|a 82-7
|2 2001
|
| 080 |
|
|
|a (051)379.8
|2 2001
|
| 245 |
0 |
0 |
|a Kysucká trúba
|b humoristicko-satyrický časopis
|
| 260 |
|
|
|a V Čadci
|b Ferdinand Hoffmann
|c 1925-1926
|
| 300 |
|
|
|a 2 zv.
|c 31 cm
|
| 310 |
|
|
|a 2x mesačne
|
| 362 |
0 |
|
|a Roč. 1 (1925) - roč. 2 (1926)
|
| 500 |
|
|
|a Popis podľa: Roč. II, č. 1 ([1926])
|
| 650 |
0 |
7 |
|a humor
|2 SNKPH
|9 1763
|
| 650 |
0 |
7 |
|a satira
|2 SNKPH
|9 1764
|
| 655 |
|
7 |
|a časopisy pre voľný čas
|2 SNKPH
|9 70337
|
| 910 |
|
|
|a snk
|
| 999 |
|
|
|c 6497
|d 8427
|
| 952 |
|
|
|0 0
|1 0
|4 0
|7 0
|8 1
|a SNK
|b SNK
|d 2001-07-04
|i snkD 1041/2001
|l 0
|o snkČSB 5123/1-2/1925-26
|p 17A0609126
|r 2005-01-01 00:00:00
|t č. 1-3 (1925), 1-18 (1926)
|w 2026-02-21
|y PREZ
|z Obidva roč. zviazané v 1 zv.
|